| 000 | 00875nam a2200265Ia 4500 | ||
|---|---|---|---|
| 003 | OSt | ||
| 005 | 20221005084652.0 | ||
| 006 | a|||||r|||| 00| 0 | ||
| 007 | ta | ||
| 008 | 221004b |||||||| |||| 00| 0 eng d | ||
| 020 |
_a1 85973 954 7 (hbk) _c3488.5 |
||
| 024 | _a96367 | ||
| 037 |
_bG-4361, 16/02/2009, Manohar Publisher & Distributors _cTextual |
||
| 040 |
_aCRL _cCRL _beng |
||
| 041 |
_2eng _aeng |
||
| 082 | _aY73:1.693, N8(906) | ||
| 100 | _aEriksen Thomas Hylland | ||
| 245 | 0 |
_aCommon denominators _b Ethnicity, nation - building and compromise in Mauritius |
|
| 260 |
_aNew York _bBERG U.S.A _c1998 |
||
| 300 |
_ax, 207p. _ccm. |
||
| 650 | _a ETHNOLOGY | ||
| 650 | _aSOCIOLOGY | ||
| 942 |
_hY73:1.693, N8(906) _cTEXL _2cc |
||
| 999 |
_c992950 _d992950 |
||